| 000 -CABECERA |
| fixed length control field |
01021nam a22002537a 4500 |
| 003 - IDENTIFICADOR DEL NÚMERO DE CONTROL |
| control field |
AR-CdUCM |
| 008 - DATOS DE LONGITUD FIJA--INFORMACIÓN GENERAL |
| fixed length control field |
190225b ||||| |||| 00| 0 spa d |
| 040 ## - FUENTE DE LA CATALOGACIÓN |
| Agencia/entidad que catalogó originalmente la obra |
MUNICIPALIDAD PROVINCIAL DEL CUSCO |
| Entidad que transcribió la catalogación |
BIBLIOTECA MUNICIPAL DEL CUSCO |
| 082 ## - NÚMERO DE LA CLASIFICACIÓN DECIMAL DEWEY |
| No. de Clasificación |
465 / |
| Notacion interna |
F19 |
| 100 ## - ENTRADA PRINCIPAL--NOMBRE DE PERSONA |
| Nombre Personal |
Falla de Chuquisengo, Julia |
| 245 ## - MENCIÓN DE TÍTULO |
| Título |
Curso de lenguaje : |
| Resto del título |
para el primer año de secundaria / |
| 260 ## - PUBLICACIÓN, DISTRIBUCIÓN, ETC. |
| Lugar de publicación, distribución, etc. |
Lima : |
| Fecha de publicación, distribución, etc. |
1962. |
| 300 ## - DESCRIPCIÓN FÍSICA |
| Nº de Páginas Extensión |
151 páginas ; |
| Otros detalles físicos |
ilustraciones, |
| Dimensiones |
21 cm. |
| 505 ## - NOTA DE CONTENIDO CON FORMATO |
| Nota de contenido formateada |
Contenido: Lectura: como aprendí a leer -- Interpretación de la lectura -- Lectura: corriente literaria o artística -- La ortografía -- La oración gramatical -- El verbo y su importancia en la oración ... |
| 650 ## - PUNTO DE ACCESO ADICIONAL DE MATERIA--TÉRMINO DE MATERIA |
| Descriptor |
Ortografía |
| 9 (RLIN) |
2067 |
| 650 ## - PUNTO DE ACCESO ADICIONAL DE MATERIA--TÉRMINO DE MATERIA |
| Descriptor |
Teoría gramatical |
| 9 (RLIN) |
2068 |
| 650 ## - PUNTO DE ACCESO ADICIONAL DE MATERIA--TÉRMINO DE MATERIA |
| Descriptor |
Lectura |
| 9 (RLIN) |
2069 |
| 650 ## - PUNTO DE ACCESO ADICIONAL DE MATERIA--TÉRMINO DE MATERIA |
| Descriptor |
Literatura |
| 9 (RLIN) |
83 |
| 650 ## - PUNTO DE ACCESO ADICIONAL DE MATERIA--TÉRMINO DE MATERIA |
| Descriptor |
Lengua española |
| 9 (RLIN) |
1124 |
| 650 ## - PUNTO DE ACCESO ADICIONAL DE MATERIA--TÉRMINO DE MATERIA |
| Descriptor |
Texto escolar |
| 9 (RLIN) |
2070 |
| 942 ## - ELEMENTOS DE PUNTO DE ACCESO ADICIONAL (KOHA) |
| Fuente de clasificación |
|
| Tipo de item |
Libros-BMC |
| 945 ## - PROCESAMIENTO DE INFORMACIÓN LOCAL (OCLC) |
| Catalogador |
raen |
| AAAA-MM-DD - Fecha de ingreso o modificacion |
2019-02-25 |